Chi dan hong xin; (Record no. 12796)

MARC details
000 -LEADER
fixed length control field 00860cam a22002411 4500
001 - CONTROL NUMBER
control field c 62002810
003 - CONTROL NUMBER IDENTIFIER
control field DLC
005 - DATE AND TIME OF LATEST TRANSACTION
control field 20260227111034.0
008 - FIXED-LENGTH DATA ELEMENTS--GENERAL INFORMATION
fixed length control field 040517s1962 cc a 000 0 chi
010 ## - LIBRARY OF CONGRESS CONTROL NUMBER
LC control number c 62002810
035 ## - SYSTEM CONTROL NUMBER
System control number (CStRLIN)DCLP04-B9198
040 ## - CATALOGING SOURCE
Original cataloging agency DLC
Transcribing agency CLU
Modifying agency NIC
-- CStRLIN
-- DLC-R
-- DLC
050 00 - LIBRARY OF CONGRESS CALL NUMBER
Classification number PL2905.N455
Item number C5
066 ## - CHARACTER SETS PRESENT
Alternate G0 or G1 character set $1
100 1# - MAIN ENTRY--PERSONAL NAME
Linkage 880-01
Personal name Song, Shaowen.
245 10 - TITLE STATEMENT
Linkage 880-02
Title Chi dan hong xin;
Remainder of title wu mu hua ju,
Statement of responsibility, etc. Song Shaowen [et al.] zhi bi, Hunan Sheng hua ju tuan ji ti chuang zuo.
260 ## - PUBLICATION, DISTRIBUTION, ETC.
Linkage 880-03
Place of publication, distribution, etc. Beijing,
Name of publisher, distributor, etc. Zhongguo xi ju chu ban she,
Date of publication, distribution, etc. 1962.
300 ## - PHYSICAL DESCRIPTION
Extent 114 p.
Other physical details illus.
Dimensions 19 cm.
500 ## - GENERAL NOTE
General note Play.
880 1# - ALTERNATE GRAPHIC REPRESENTATION
Linkage 100-01/$1
a 宋紹文.
880 10 - ALTERNATE GRAPHIC REPRESENTATION
Linkage 245-02/$1
a 赤胆紅心
b 五幕話剧
c 宋紹文 [et al.] 执笔湖南省話剧团集体創作.
880 ## - ALTERNATE GRAPHIC REPRESENTATION
Linkage 260-03/$1
a 北京
b 中国戏剧出版社
c 1962.

No items available.

Powered by Koha